Quiz mythologique : Artémis. - Statistiques

Statistiques générales
  • Ce quiz a été pris 226 fois
  • Le résultat moyen est 8 sur 13
Statistiques - réponses
Questions Réponses % Correct
De quoi Artémis est-elle la déesse? Chasse | Lune
97%
Père Zeus
97%
Quel est son principal attribut? Arc | Croissant de Lune
91%
Frère Apollon
90%
Nom romain Diane
89%
Quel animal le symbolise? Cerf
86%
Mère Léto
70%
De la fille de quel roi exigea-t-elle le sacrifice afin de laisser partir l'armée grecque vers Troie? Agamemnon
49%
Par quelles divinités Artémis est-elle accompagnée? Nymphes
42%
Le temple de cette ville dédié à Artémis est considéré comme l'une des 7 Merveilles du monde. Éphèse
31%
Quel chasseur changea-t-elle en cerf après que celui-ci l'est surprise nue? Actéon
21%
Par quel arbre est-elle représentée? Cyprès
11%
De quel roi tua-t-elle les enfants avec son frère pour venger leur mère? Amphion
4%
Aucun quiz correspondant
Distribution des résultats
% des personnes avec chaque résultat
Percentile par nombre de réponses
Votre historique - résultats
Vous n’avez pas pris ce quiz